| 000 | 00881nam0a22002291 4500 | ||
|---|---|---|---|
| 001 | v19\rc\1314255 | ||
| 005 | 20060512111234.6 | ||
| 035 | _a(NLR Aleph) 004470326 | ||
| 090 |
_a4559004 _c4559004 |
||
| 100 | _a20060512d1900 |||y0rusy50 ca | ||
| 101 | 0 | _arus | |
| 102 | _aRU | ||
| 105 | _aa z ||||| | ||
| 200 | 1 |
_aПривилегированные гигиенические изобретения _e(Для школы, дома, канцелярии, клиники и военно-походной жизни) _f[Cоч.] С.Г. Акбройта |
|
| 210 |
_aЕкатеринослав _cтипо-лит. Л.И. Сатановского _d1900 |
||
| 215 |
_a43 с. _cил. _d23 |
||
| 700 | 1 |
_aАкбройт _bС. Г. _f1858- _gСамуил Говшиевич |
|
| 801 | 0 |
_aRU _bNLR _gpsbo |
|
| 801 | 1 |
_aRU _bProSoft-M _2rusmarc |
|
| 852 |
_aNLR _j20.61.5.139 |
||
| 942 | _cBOOK | ||
| 980 | _aNB | ||